U. S.- Japan energy policy considerations for the 1990s

Wedi'i Gadw mewn:
Manylion Llyfryddiaeth
Prif Awdur: Gray, John E.
Fformat: Llyfr
Iaith:Undetermined
Cyhoeddwyd: New York Lanham 1988
Pynciau:
Tagiau: Ychwanegu Tag
Dim Tagiau, Byddwch y cyntaf i dagio'r cofnod hwn!
Thư viện lưu trữ: Trung tâm Học liệu Trường Đại học Cần Thơ
LEADER 00505nam a2200193Ia 4500
001 CTU_99398
008 210402s9999 xx 000 0 und d
082 |a 333.790952 
082 |b G779 
100 |a Gray, John E. 
245 0 |a U. S.- Japan energy policy considerations for the 1990s 
245 0 |c John E. Gray 
260 |a New York 
260 |b Lanham 
260 |c 1988 
650 |a Energy policy 
650 |z Japan 
904 |i Truc 
980 |a Trung tâm Học liệu Trường Đại học Cần Thơ